<?xml version="1.0" encoding="UTF-8"?>
<record
    xmlns:xsi="http://www.w3.org/2001/XMLSchema-instance"
    xsi:schemaLocation="http://www.loc.gov/MARC21/slim http://www.loc.gov/standards/marcxml/schema/MARC21slim.xsd"
    xmlns="http://www.loc.gov/MARC21/slim">

  <leader>04090nam a2200649 a 4500</leader>
  <controlfield tag="003">OSt</controlfield>
  <controlfield tag="005">20240305130808.0</controlfield>
  <controlfield tag="007">ta</controlfield>
  <controlfield tag="008">180516e2017    dr ac  er     001 p spa d</controlfield>
  <datafield tag="020" ind1=" " ind2=" ">
    <subfield code="a">9789945484267</subfield>
  </datafield>
  <datafield tag="040" ind1=" " ind2=" ">
    <subfield code="a">DO-SdBNP</subfield>
    <subfield code="b">spa</subfield>
    <subfield code="c">BNPHU</subfield>
  </datafield>
  <datafield tag="041" ind1=" " ind2=" ">
    <subfield code="h">spa</subfield>
  </datafield>
  <datafield tag="082" ind1=" " ind2=" ">
    <subfield code="a">BNPHU- xxxx</subfield>
    <subfield code="b">A634po</subfield>
  </datafield>
  <datafield tag="245" ind1=" " ind2="0">
    <subfield code="a">Antolog&#xED;a po&#xE9;tica II. /</subfield>
    <subfield code="c">Isabel Florentino, compilaci&#xF3;n y cuidado de la edici&#xF3;n ; Domingo Guzm&#xE1;n , diagramaci&#xF3;n.</subfield>
  </datafield>
  <datafield tag="246" ind1="0" ind2="4">
    <subfield code="a">Antolog&#xED;a po&#xE9;tica I :</subfield>
    <subfield code="b">VI semana internacional de la poes&#xED;a. homenaje de la poes&#xED;a sorprendida</subfield>
  </datafield>
  <datafield tag="260" ind1=" " ind2=" ">
    <subfield code="a">Santo Domingo :</subfield>
    <subfield code="b">B&#xFA;ho ,</subfield>
    <subfield code="c">2017</subfield>
  </datafield>
  <datafield tag="300" ind1=" " ind2=" ">
    <subfield code="a">236 pg.</subfield>
    <subfield code="b">il. retratos ;</subfield>
    <subfield code="c">22 cm.</subfield>
  </datafield>
  <datafield tag="505" ind1="0" ind2=" ">
    <subfield code="a">Presentaci&#xF3;n.-</subfield>
  </datafield>
  <datafield tag="505" ind1="0" ind2=" ">
    <subfield code="a">Juan Freddy Armando :</subfield>
    <subfield code="t">Nociones preliminares sobre el beso.- Cristo sin vuelo.</subfield>
  </datafield>
  <datafield tag="505" ind1="0" ind2=" ">
    <subfield code="a">Victor Bid&#xF3; :</subfield>
    <subfield code="t">Beso.- 21 de marzo.- respiro.</subfield>
  </datafield>
  <datafield tag="505" ind1="0" ind2=" ">
    <subfield code="a">Rolando Bodden :</subfield>
    <subfield code="t">Riesgo.- voces de revelo.- ansias tecnol&#xF3;gicas.</subfield>
  </datafield>
  <datafield tag="505" ind1="0" ind2=" ">
    <subfield code="a">Jos&#xE9; &#xC1;ngel Bratini :</subfield>
    <subfield code="t">Una balada por el pecho.- Balada de los ojos.
.- balada de la virtud de tener dedos.
</subfield>
  </datafield>
  <datafield tag="505" ind1="0" ind2=" ">
    <subfield code="a">G&#xE9;nesis Bravo :</subfield>
    <subfield code="t">Ninguno contenido I, II.- primera versi&#xF3;n de la ciudad.
.-segunda versi&#xF3;n de la ciudad.</subfield>
  </datafield>
  <datafield tag="505" ind1="0" ind2=" ">
    <subfield code="a">Gesmalin Bravo :</subfield>
    <subfield code="t">M&#xED;rame.- T&#xFA;.- a qu&#xE9; me sabe la vida.</subfield>
  </datafield>
  <datafield tag="505" ind1="0" ind2=" ">
    <subfield code="a">Niurkarys Brito :</subfield>
    <subfield code="t">Nuestras vidas sin sentido.- am&#xE1;rrame a tus pies.- tiempo intacto.</subfield>
  </datafield>
  <datafield tag="505" ind1="0" ind2=" ">
    <subfield code="a">Fernando Cabrera :</subfield>
    <subfield code="t">Yo el de la isla.- hiere.- entra, mas no calles.</subfield>
  </datafield>
  <datafield tag="505" ind1="0" ind2=" ">
    <subfield code="a">Luis Carvajal :</subfield>
    <subfield code="t">Amo tus sonidos.- las ciguapas y la ciguapa.</subfield>
  </datafield>
  <datafield tag="505" ind1="0" ind2=" ">
    <subfield code="a">Jes&#xFA;s Cordero :</subfield>
    <subfield code="t">V.- la puerta no guarda secretos.- para eso es el mundo.</subfield>
  </datafield>
  <datafield tag="505" ind1="0" ind2=" ">
    <subfield code="a">Orlando Cordero : </subfield>
    <subfield code="t">Hu&#xE9;sped en las casas reales.- r&#xED;o abajo me contemplo.- ciudad poema.</subfield>
  </datafield>
  <datafield tag="505" ind1="0" ind2=" ">
    <subfield code="a">Jos&#xE9; Enrique Delmonte :</subfield>
    <subfield code="t">Cuando el fr&#xED;o se desvanece.- el universo muere dos veces.- la mirada.</subfield>
  </datafield>
  <datafield tag="505" ind1="0" ind2=" ">
    <subfield code="a">Denisse Espa&#xF1;ol :</subfield>
    <subfield code="t">Puerta.- silla.- cuerpo.</subfield>
  </datafield>
  <datafield tag="505" ind1="0" ind2=" ">
    <subfield code="a">Natacha F&#xE9;liz :</subfield>
    <subfield code="t">Estrellas.- desalojo.- aturdida.</subfield>
  </datafield>
  <datafield tag="505" ind1="0" ind2=" ">
    <subfield code="a">Rafael Nino F&#xE9;liz :</subfield>
    <subfield code="t">&#xC1;frica en mi piel.- portobelo.- la lluvia cae.</subfield>
  </datafield>
  <datafield tag="505" ind1="0" ind2=" ">
    <subfield code="a">Ysabel Florentino :</subfield>
    <subfield code="t">&#xBF;Por qui&#xE9;n grita la memoria?.- acertijo XVII.</subfield>
  </datafield>
  <datafield tag="505" ind1="0" ind2=" ">
    <subfield code="a">Manuel Garc&#xED;a Cartagena :</subfield>
    <subfield code="t">La batalla de la poes&#xED;a contra la mierda.- nos lo pusieron en chino.- mon&#xF3;logo del figurante.</subfield>
  </datafield>
  <datafield tag="505" ind1="0" ind2=" ">
    <subfield code="a">Juan Hern&#xE1;ndez Inirio :</subfield>
    <subfield code="t">Franca Luz.- solo tu presencia.- dos mil diecisiete.-</subfield>
  </datafield>
  <datafield tag="505" ind1="0" ind2=" ">
    <subfield code="a">Arsenio Jim&#xE9;nez :</subfield>
    <subfield code="t">Conexi&#xF3;n.- recibir el aliento.- infortunio V.</subfield>
  </datafield>
  <datafield tag="505" ind1="0" ind2=" ">
    <subfield code="a">Virgilio L&#xF3;pez Azu&#xE1;n :</subfield>
    <subfield code="t">Obsesi&#xF3;n con el tiempo.- los sapos y la noche II.- la otra Mona Liza.</subfield>
  </datafield>
  <datafield tag="505" ind1="0" ind2=" ">
    <subfield code="a">Manuel Llibre Otero : </subfield>
    <subfield code="t">Residencia en la poes&#xED;a.- rosa en reverso. </subfield>
  </datafield>
  <datafield tag="505" ind1="0" ind2=" ">
    <subfield code="a">Benito Manuel :</subfield>
    <subfield code="t">Vivian contracanto.- onirismo.</subfield>
  </datafield>
  <datafield tag="505" ind1="0" ind2=" ">
    <subfield code="a">Darihanna Mesa :</subfield>
    <subfield code="t">A las ni&#xF1;as.- desde tu puerta I.-enterrar el r&#xED;o.</subfield>
  </datafield>
  <datafield tag="505" ind1="0" ind2=" ">
    <subfield code="a">Darihel Mesa :</subfield>
    <subfield code="t">Prefiero recordar.- madre.- mi coraz&#xF3;n roto.</subfield>
  </datafield>
  <datafield tag="505" ind1="0" ind2=" ">
    <subfield code="a">Ram&#xF3;n Mesa :</subfield>
    <subfield code="t">Cansancio de mi sombra.- negaci&#xF3;n de la herida.- venganza.</subfield>
  </datafield>
  <datafield tag="505" ind1="0" ind2=" ">
    <subfield code="a">Orlando Mu&#xF1;oz :</subfield>
    <subfield code="t">Di.- son palabras.- tras el tramo triste de la historia.</subfield>
  </datafield>
  <datafield tag="505" ind1="0" ind2=" ">
    <subfield code="a">Leibi NG :</subfield>
    <subfield code="t">Ur&#xF3;boto.- turgente, acu&#xE1;tica.- firme.- del mar no quiero sal.</subfield>
  </datafield>
  <datafield tag="505" ind1="0" ind2=" ">
    <subfield code="a">Enegildo Pe&#xF1;a :</subfield>
    <subfield code="t">Dentro de la noche.</subfield>
  </datafield>
  <datafield tag="505" ind1="0" ind2=" ">
    <subfield code="a">Carmen P&#xE9;rez Valerio</subfield>
    <subfield code="t">Vastedad de la costumbre.- camino silencioso.- sendero de olvido.</subfield>
  </datafield>
  <datafield tag="505" ind1="0" ind2=" ">
    <subfield code="a">Dayrobel Ram&#xED;rez Ross&#xF3; :</subfield>
    <subfield code="t">Rutina silenciosa.- en esta tierra tan grande.- cr&#xF3;nica de un d&#xED;a. </subfield>
  </datafield>
  <datafield tag="505" ind1="0" ind2=" ">
    <subfield code="a">Marlex Rodr&#xED;guez :</subfield>
    <subfield code="t">Si miraras hacia m&#xED;.- el otro lado.- de "hybris" poema XIV.</subfield>
  </datafield>
  <datafield tag="505" ind1="0" ind2=" ">
    <subfield code="a">Ram&#xF3;n Saba :</subfield>
    <subfield code="t">Efluvio del dormido.- mientras repaso mi boleto.- palidez de la distancia.</subfield>
  </datafield>
  <datafield tag="505" ind1="0" ind2=" ">
    <subfield code="a">Raquel Salas Cuello :</subfield>
    <subfield code="t">Todo, nada, todo, nada &#xA1;nunca fue!.- el este, mi este.- a Juana In&#xE9;s de Asbaje.</subfield>
  </datafield>
  <datafield tag="505" ind1="0" ind2=" ">
    <subfield code="a">Nit&#xED;n Troncoso :</subfield>
    <subfield code="t">Como equipaje.- mujer ciudad.-abril sin primavera.</subfield>
  </datafield>
  <datafield tag="505" ind1="0" ind2=" ">
    <subfield code="a">Jael Uribe :</subfield>
    <subfield code="t">Las manos de mi madre (parte II).- la guerra se lleva por dentro.- madre.</subfield>
  </datafield>
  <datafield tag="700" ind1="1" ind2=" ">
    <subfield code="a">Florentino, Ysabel,</subfield>
    <subfield code="d">1981-</subfield>
    <subfield code="e">compilaci&#xF3;n y cuidado de la edici&#xF3;n.</subfield>
    <subfield code="9">43165</subfield>
  </datafield>
  <datafield tag="700" ind1=" " ind2=" ">
    <subfield code="a">Guzm&#xE1;n , Domingo,</subfield>
    <subfield code="e">diagramaci&#xF3;n.</subfield>
    <subfield code="9">71128</subfield>
  </datafield>
  <datafield tag="942" ind1=" " ind2=" ">
    <subfield code="2">ddc</subfield>
    <subfield code="c">LBS1</subfield>
  </datafield>
  <datafield tag="952" ind1=" " ind2=" ">
    <subfield code="0">0</subfield>
    <subfield code="1">0</subfield>
    <subfield code="2">ddc</subfield>
    <subfield code="7">1</subfield>
    <subfield code="8">PD</subfield>
    <subfield code="a">BNPHU</subfield>
    <subfield code="b">PD</subfield>
    <subfield code="c">HD</subfield>
    <subfield code="d">2020-11-20</subfield>
    <subfield code="e">Donado por Despacho BN</subfield>
    <subfield code="l">0</subfield>
    <subfield code="o">BNPHU- xxxx A634po</subfield>
    <subfield code="p">2021-0024</subfield>
    <subfield code="r">2021-01-08</subfield>
    <subfield code="w">2021-01-08</subfield>
    <subfield code="y">LFPD</subfield>
  </datafield>
  <datafield tag="952" ind1=" " ind2=" ">
    <subfield code="0">0</subfield>
    <subfield code="1">0</subfield>
    <subfield code="2">ddc</subfield>
    <subfield code="7">1</subfield>
    <subfield code="8">PD</subfield>
    <subfield code="a">BNPHU</subfield>
    <subfield code="b">PD</subfield>
    <subfield code="c">HD</subfield>
    <subfield code="d">2020-11-20</subfield>
    <subfield code="e">Donado por Despacho BN</subfield>
    <subfield code="l">0</subfield>
    <subfield code="o">BNPHU- xxxx A634po</subfield>
    <subfield code="p">2021-0025</subfield>
    <subfield code="r">2021-01-08</subfield>
    <subfield code="t">e.2</subfield>
    <subfield code="w">2021-01-08</subfield>
    <subfield code="y">LFPD</subfield>
  </datafield>
  <datafield tag="952" ind1=" " ind2=" ">
    <subfield code="0">0</subfield>
    <subfield code="1">0</subfield>
    <subfield code="2">ddc</subfield>
    <subfield code="7">5</subfield>
    <subfield code="a">BNPHU</subfield>
    <subfield code="b">GR</subfield>
    <subfield code="c">HD</subfield>
    <subfield code="d">2020-11-20</subfield>
    <subfield code="e">Donado por Despacho BN</subfield>
    <subfield code="l">0</subfield>
    <subfield code="o">BNPHU- xxxx A634po</subfield>
    <subfield code="p">2021-0026</subfield>
    <subfield code="r">2021-01-08</subfield>
    <subfield code="t">e.3</subfield>
    <subfield code="w">2021-01-08</subfield>
    <subfield code="y">LBS1</subfield>
  </datafield>
  <datafield tag="952" ind1=" " ind2=" ">
    <subfield code="0">0</subfield>
    <subfield code="1">0</subfield>
    <subfield code="2">ddc</subfield>
    <subfield code="7">5</subfield>
    <subfield code="8">DS</subfield>
    <subfield code="a">BNPHU</subfield>
    <subfield code="b">GR</subfield>
    <subfield code="c">HD</subfield>
    <subfield code="d">2020-11-20</subfield>
    <subfield code="e">Donado por Despacho BN</subfield>
    <subfield code="l">0</subfield>
    <subfield code="o">BNPHU- xxxx A634po</subfield>
    <subfield code="p">2021-0027</subfield>
    <subfield code="r">2021-01-08</subfield>
    <subfield code="t">e.4</subfield>
    <subfield code="w">2021-01-08</subfield>
    <subfield code="y">LFDS</subfield>
  </datafield>
  <datafield tag="999" ind1=" " ind2=" ">
    <subfield code="c">46901</subfield>
    <subfield code="d">46901</subfield>
  </datafield>
</record>
